La formation culturelle des cadres et des dirigeants : cultiver sa pensée pour enrichir son action

Đã lưu trong:
Bibliografiske detaljer
Hovedforfatter: Basile, Joseph
Format: Bog
Sprog:Undetermined
Udgivet: Paris Seghers 1979
Fag:
Tags: Tilføj Tag
Ingen Tags, Vær først til at tagge denne postø!
Thư viện lưu trữ: Trung tâm Học liệu Trường Đại học Cần Thơ
LEADER 00601nam a2200193Ia 4500
001 CTU_89200
008 210402s9999 xx 000 0 und d
082 |a 658.409 
082 |b B311 
100 |a Basile, Joseph 
245 0 |a La formation culturelle des cadres et des dirigeants : 
245 0 |b cultiver sa pensée pour enrichir son action 
245 0 |c Joseph Basile ; préf. de Jean Guitton. 
260 |a Paris 
260 |b Seghers 
260 |c 1979 
650 |a Executive ability,Technology and civilization 
904 |i Năm 
980 |a Trung tâm Học liệu Trường Đại học Cần Thơ